000
00289nam a2200121Ia 4500
008
190216s9999||||xx |||||||||||||| ||und||
100
_a
Edward Nevin
245
0
_a
Text Book Of Economic Analysis
260
_b
Macmillan India Ltd
_c
1967
300
_a
488p
650
_a
Commerce
942
_c
BK
999
_c
8314
_d
8314